A city Council From Within / (Record no. 185061)
[ view plain ]
| 000 -LEADER | |
|---|---|
| fixed length control field | 00892 a2200169 4500 |
| 003 - CONTROL NUMBER IDENTIFIER | |
| control field | Nust |
| 005 - DATE AND TIME OF LATEST TRANSACTION | |
| control field | 20221221104336.0 |
| 040 ## - CATALOGING SOURCE | |
| Transcribing agency | Nust |
| 082 ## - DEWEY DECIMAL CLASSIFICATION NUMBER | |
| Classification number | 320.8,SIM |
| 100 ## - MAIN ENTRY--PERSONAL NAME | |
| Personal name | Simon.E.D |
| 9 (RLIN) | 105452 |
| 245 ## - TITLE STATEMENT | |
| Title | A city Council From Within / |
| Statement of responsibility, etc. | E D Simon |
| 260 ## - PUBLICATION, DISTRIBUTION, ETC. | |
| Place of publication, distribution, etc. | London |
| Name of publisher, distributor, etc. | Longmans |
| Date of publication, distribution, etc. | 1926 |
| 300 ## - PHYSICAL DESCRIPTION | |
| Extent | xx ,246: p.; |
| 505 ## - FORMATTED CONTENTS NOTE | |
| Formatted contents note | Introduction (Page-1), The Electricity Committee (Page-8), The Public Health Committee (Page-16), The Housing Committee (Page-32), The Education Committee (Page-73), The Committee Systems (Page-82), Government Control (Page-101), The Civil Service (Page-130), The Lord Mayor (Page-151), The Limits of Maniple Trading (Page-168), The Limits of Municipal Trading(Page-168), The City Council (Page-181), The Party Systems (Page-194), Areas of Local Government (Page-201), Conclusion (Page-238). |
| 650 ## - SUBJECT ADDED ENTRY--TOPICAL TERM | |
| Topical term or geographic name entry element | City Council |
| 9 (RLIN) | 105453 |
| 942 ## - ADDED ENTRY ELEMENTS (KOHA) | |
| Source of classification or shelving scheme | |
| Koha item type | Book |
| Call number prefix | 320.8,SIM |
| Withdrawn status | Lost status | Source of classification or shelving scheme | Damaged status | Not for loan | Permanent Location | Current Location | Shelving location | Date acquired | Full call number | Barcode | Date last seen | Price effective from | Koha item type | Public note |
|---|---|---|---|---|---|---|---|---|---|---|---|---|---|---|
| Military College of Signals (MCS) | Military College of Signals (MCS) | General Stacks | 12/12/2016 | 320.8,SIM | MCS30081 | 12/08/2016 | 12/12/2016 | Book | Almirah No.49, Shelf No.5 |
